Deterministic learning theory for identification, recognition, and control -(E-BOOK) (Record no. 193080)

000 -LEADER
fixed length control field 01284 a2200301 4500
003 - CONTROL NUMBER IDENTIFIER
control field Nust
005 - DATE AND TIME OF LATEST TRANSACTION
control field 20170207154050.0
010 ## - LIBRARY OF CONGRESS CONTROL NUMBER
LC control number 2008038057
020 ## - INTERNATIONAL STANDARD BOOK NUMBER
International Standard Book Number 0849375533 (alk. paper)
020 ## - INTERNATIONAL STANDARD BOOK NUMBER
International Standard Book Number 9780849375538 (alk. paper)
035 ## - SYSTEM CONTROL NUMBER
System control number (OCoLC)ocn249133624
040 ## - CATALOGING SOURCE
Transcribing agency Nust
082 00 - DEWEY DECIMAL CLASSIFICATION NUMBER
Classification number 629.8
100 1# - MAIN ENTRY--PERSONAL NAME
Personal name Wang, Cong.
245 10 - TITLE STATEMENT
Title Deterministic learning theory for identification, recognition, and control -(E-BOOK)
Statement of responsibility, etc. Cong Wang, David J. Hill.
250 ## - EDITION STATEMENT
Edition statement 1st ed.
260 ## - PUBLICATION, DISTRIBUTION, ETC.
Place of publication, distribution, etc. Boca Raton :
Name of publisher, distributor, etc. CRC Press,
Date of publication, distribution, etc. c2010.
300 ## - PHYSICAL DESCRIPTION
Extent xix, 195 p. :
Other physical details ill. ;
Dimensions 25 cm.
490 1# - SERIES STATEMENT
Series statement Automation and control engineering ;
Volume/sequential designation 32
505 0# - FORMATTED CONTENTS NOTE
Formatted contents note RBF network approximation and persistence of excitation -- The deterministic learning mechanism -- Deterministic learning from closed-loop control -- Dynamical pattern recognition -- Pattern-based intelligent control -- Deterministic learning with output measurements -- Toward human-like learning and control.
650 #0 - SUBJECT ADDED ENTRY--TOPICAL TERM
Topical term or geographic name entry element Control theory.
650 #0 - SUBJECT ADDED ENTRY--TOPICAL TERM
Topical term or geographic name entry element Intelligent control systems.
650 #0 - SUBJECT ADDED ENTRY--TOPICAL TERM
Topical term or geographic name entry element Neural networks (Computer science)
651 ## - SUBJECT ADDED ENTRY--GEOGRAPHIC NAME
Geographic name E-BOOK
700 1# - ADDED ENTRY--PERSONAL NAME
Personal name Hill, David J.
Dates associated with a name 1949-
830 #0 - SERIES ADDED ENTRY--UNIFORM TITLE
Uniform title Automation and control engineering ;
856 41 - ELECTRONIC LOCATION AND ACCESS
Materials specified Table of contents only
Uniform Resource Identifier <a href="http://www.loc.gov/catdir/toc/ecip0827/2008038057.html">http://www.loc.gov/catdir/toc/ecip0827/2008038057.html</a>
942 ## - ADDED ENTRY ELEMENTS (KOHA)
Source of classification or shelving scheme
Koha item type Book
Holdings
Withdrawn status Lost status Source of classification or shelving scheme Damaged status Not for loan Collection code Permanent Location Current Location Date acquired Total Checkouts Full call number Barcode Date last seen Price effective from Koha item type
            Military College of Signals (MCS) Military College of Signals (MCS) 12/12/2016   629.8 WAN MCSEB-2727 12/08/2016 12/12/2016 Book
© 2023 Central Library, National University of Sciences and Technology. All Rights Reserved.